000 00660nam a2200193Ii 4500
003 JO-AjNU
008 230605s9999||||xx |||||||||||||| ||und||
040 _aJO-AjNU
_bara
_erda
_cJO-AjNU
041 _aara
050 1 4 _aPN56.R3.M85 1988
100 3 _aمروة، حسين,
_eauthor
_934867
245 0 0 _aدراسات نقدية: في ضوء المنهج الواقعي
264 3 1 _aبيروت: مكتبة المعارف،1988
300 _a444ص
336 _atext
_btxt
_2rdacontent
337 _aunmediated
_bn
_2rdamedia
338 _avolume
_bnc
_2rdacarrier
650 4 _aالأدب العربي - تحليل ونقد - دراسات نقدية
_934868
999 _aA14338
_c17906
_d17906